[Event "10th Mumbai Mayors Cup 2017"]
[Site "Mumbai"]
[Date "2017.06.11"]
[Round "10"]
[White "Nandhidhaa, PV."]
[Black "Aakash Sharadchandra, Dalvi"]
[Result "1-0"]
[WhiteElo "2249"]
[BlackElo "1855"]
[Annotator "TA"]
[PlyCount "75"]
[EventDate "2017.06.04"]
[EventType "swiss"]
[EventCountry "IND"]
[SourceTitle "playchess.com"]
[Source "ChessBase"]
[SourceQuality "1"]

{[%evp 23,75,0,0,0,0,0,0,0,72,55,75,66,63,83,77,64,97,68,135,78,74,68,84,79,148,141,170,161,176,167,290,310,352,348,393,390,414,391,389,369,396,339,336,314,366,378,370,367,628,615,718,702,801,802]} 1. e4 c5 2. Nf3 d6 3. d4 cxd4 4. Nxd4 Nf6 5. Nc3 a6 6. f3 e5 7. Nb3 Be7 8. Be3 Be6 9. Qd2 O-O 10. O-O-O a5 11. Bb5 Na6 {B90: Sicilian Najdorf: Unusual White 6th moves, 6 Be3 Ng4 and 6 Be3 e5} 12. Kb1 (12. Qe2 Qb8 13. g4 Rc8 14. g5 Ne8 15. Kb1 Nec7 16. Bc4 Bxc4 17. Qxc4 a4 18. Nc1 a3 19. b3 {0-1 (62) Karjakin,S (2739)-Grischuk,A (2760) Odessa 2010}) 12... Nc7 {LiveBook: 40 Games} 13. a4 {[#]} Qc8 $146 {The position is equal.} ({Predecessor:} 13... Nxb5 14. Nxb5 Ra6 15. g4 Qc8 16. Nc1 d5 17. g5 d4 18. Bxd4 exd4 19. gxf6 Bxf6 {0-1 (38) Fernandez,D (2317)-Delgado Ramirez,N (2557) Sao Paulo 2004}) 14. g4 Nxb5 15. Nxb5 d5 (15... Qc4 $11) 16. g5 $16 d4 17. gxf6 (17. Bxd4 $5 Nd7 18. Be3 $14) 17... dxe3 18. Qxe3 Bxf6 19. Nc5 Bh3 $1 20. Rhg1 b6 {[#]} ({Black should try} 20... g6 $14) 21. Nb3 (21. Nd3 $142 $1) 21... Be6 22. Qxb6 Qc4 23. Nc3 Rfc8 (23... Be7 $142) 24. Nxa5 Qc5 25. Qxc5 Rxc5 26. Nb3 Rxc3 (26... Rc4 $142 27. a5 Bd8) 27. bxc3 $18 Bd8 28. Kb2 Bb6 29. Rge1 Rxa4 30. Ra1 Rxa1 31. Rxa1 {[%mdl 4096] [#] Endgame White wants to mate with Ra8+. KRN-KB} ({Less strong is} 31. Nxa1 Bc4 $18) 31... g5 32. Ra4 Bg1 33. c4 {[%cal Bc3c4,Bc4c5,Bc5c6][%mdl 32]} h5 34. Ra8+ Kg7 35. c5 Kf6 $2 (35... Bxh2 36. c6 Bg1) 36. c6 {White is clearly winning.} Bb6 37. Rb8 Bc7 38. Rb7 {Precision: White = 98%, Black = 42%.} 1-0

[Event "10th Mumbai Mayors Cup 2017"]
[Site "Mumbai"]
[Date "2017.06.11"]
[Round "10"]
[White "Wagh Suyog"]
[Black "Mahindrakar Indrajeet"]
[Result "0-1"]
[WhiteElo "2215"]
[BlackElo "1977"]
[Annotator "TA"]
[PlyCount "106"]
[EventDate "2017.06.04"]
[EventType "swiss"]
[EventCountry "IND"]
[SourceTitle "playchess.com"]
[Source "ChessBase"]
[SourceQuality "1"]

{[%evp 18,106,25,21,27,-6,0,6,13,8,32,18,7,14,10,11,20,22,26,25,58,58,59,61,68,61,80,60,93,54,63,55,59,39,63,44,51,35,57,52,36,35,81,80,73,77,81,77,314,152,405,393,616,307,402,365,402,397,467,439,450,344,485,391,383,-1272,-1275,-1103,-1109,-1280,-1275,-1708,-1597,-1477,-1311,-1244,-1275,-2200,-1991,-1804,-5032,-4182,-3455,-29982,-12844,-29989,-29988,-29988,-29989,-29994,-12840]} 1. d4 Nf6 2. Bf4 c5 3. e3 g6 4. c3 b6 5. Nf3 Bg7 6. Nbd2 O-O 7. Be2 Bb7 8. O-O d6 9. h3 Nbd7 10. Bh2 Re8 {A48: 1 d4 Nf6 2 Nf3 g6: Torre, London and Colle Systems} (10... a6 11. a4 Ra7 12. Bd3 Qa8 13. Qe2 Ne4 14. Nxe4 Bxe4 15. Bxe4 Qxe4 16. Rfc1 Rc8 17. Nd2 Qa8 18. b4 Rac7 19. dxc5 bxc5 {0-1 (45) Bindrich,F (2590)-Amin,B (2662) Doha 2016}) 11. Bd3 Rc8 12. Re1 $146 ({Predecessor:} 12. e4 cxd4 13. cxd4 e5 14. Nc4 Qe7 15. Re1 Nh5 16. Qb3 Qe6 17. Ng5 Qe7 18. Nxd6 Qxg5 19. Qxf7+ Kh8 20. Qxe8+ Rxe8 21. Nf7+ Kg8 22. Nxg5 Bf6 23. Bc4+ Kg7 24. Bb5 {1-0 (24) Kiewra,K (2431)-Kavutskiy,K (2349) Saint Louis 2015}) 12... Qc7 {The position is equal.} 13. Qe2 h6 14. Ba6 Bxa6 15. Qxa6 Nb8 16. Qe2 Nc6 17. dxc5 bxc5 18. e4 e5 19. Nc4 Re6 20. Rad1 Rf8 21. Nfd2 {[%cal Bf3d2,Bd2f1,Bf1e3,Be3d5][%mdl 32]} Ne8 22. Nf1 f5 23. Nfe3 f4 24. Nd5 Qf7 25. a3 g5 26. Rd3 h5 27. Red1 Qg6 28. f3 $36 {[%mdl 2048] White has the initiative.} Rf7 29. b4 Bf8 30. b5 Nd8 31. a4 g4 32. fxg4 Rh7 $2 (32... hxg4 $16 {was worth a try.} 33. hxg4 (33. Qxg4 Qxg4 34. hxg4 Rg6 $14) 33... Qg5) 33. a5 (33. g3 $18 {is more deadly.}) 33... Kh8 $2 (33... hxg4 $16 34. Qxg4 Qxg4 35. hxg4 Rg7) 34. gxh5 $18 Rxh5 {[#]} (34... Qxh5 $142 35. Qxh5 Rxh5) 35. b6 (35. Bxf4 $142 $1 {[%mdl 512]} Qh7 (35... exf4 36. Nxf4) 36. Bd2) 35... axb6 36. axb6 Rh7 37. Ra1 Qg5 38. Ra7 Rg6 39. Ra8 Rhg7 (39... Rg8 $142 40. Kh1 Be7) 40. Rd2 Qh4 41. Rxd8 $4 {[%mdl 8192] [#]} (41. Qf3 $18) 41... Rxg2+ $19 42. Kf1 Rxe2 ({Stronger than} 42... Qxd8 43. Qxg2 Rxg2 44. Rxg2 $11) 43. Rxe2 Qxd8 44. Na5 Qc8 45. b7 Rxb7 46. Nxb7 Qxb7 47. Rg2 Qb1+ 48. Kf2 Qc2+ 49. Kf3 Qd3+ 50. Kg4 Qxe4 51. Rd2 f3+ {Black mates.} 52. Kg3 Bh6 53. Rd1 Bf4+ {Precision: White = 43%, Black = 34%.} (53... Ng7 $142 54. Re1 Nf5+ 55. Kf2 Qc2+ 56. Kxf3 Nh4+ 57. Kg4 Qg6+ 58. Kxh4 Qg5#) 0-1

[Event "10th Mumbai Mayors Cup 2017"]
[Site "Mumbai"]
[Date "2017.06.11"]
[Round "10"]
[White "Pranav, Shetty"]
[Black "Jishitha D"]
[Result "0-1"]
[WhiteElo "2200"]
[BlackElo "1933"]
[Annotator "TA"]
[PlyCount "48"]
[EventDate "2017.06.04"]
[EventType "swiss"]
[EventCountry "IND"]
[SourceTitle "playchess.com"]
[Source "ChessBase"]
[SourceQuality "1"]

{[%evp 9,48,15,25,12,22,14,14,15,8,0,-4,5,0,-23,-16,-10,-4,-8,-8,-8,-16,-15,0,-17,-8,-8,-12,-87,-82,-202,-193,-193,-199,-202,-192,-227,-222,-213,-208,-333,-209]} 1. e4 c5 2. Nf3 e6 3. g3 d5 4. exd5 exd5 5. d4 Nf6 6. Bg2 {B40: Sicilian: 2...e6, Unusual lines} Be7 {[%cal Bf8e7,Be7c5,Bc5b6][%mdl 32]} 7. O-O O-O 8. dxc5 {The position is equal.} Bxc5 9. Nbd2 {[%cal Bb1d2,Bd2b3,Bb3d4][%mdl 32]} Nc6 10. Nb3 Bb6 11. Nbd4 Bg4 $146 {White must now prevent ...Nxd4.} ({Predecessor:} 11... Re8 12. Be3 Bg4 {0-1 (22) Bellini,F (2484)-Timman,J (2639) Saint Vincent 2000}) 12. Qd3 Rc8 13. c3 Re8 14. Bg5 h6 $36 {[%mdl 2048] Black is more active.} 15. Bf4 Qd7 16. Rfe1 Ne4 {Strongly threatening ...Bxf3.} 17. Be3 Na5 18. Rac1 (18. Nc2 $11 {keeps the balance.}) 18... Nc4 $17 19. b3 {[#]} (19. Qb1 $17) 19... Bxf3 $1 $19 20. Nxf3 Nxe3 21. fxe3 Qf5 22. a4 {[#]} Nxg3 $1 {[%mdl 512]} 23. Qxf5 (23. hxg3 Qxd3) 23... Nxf5 24. Bh3 (24. Kh1 {keeps fighting.}) 24... Rxe3 {Precision: White = 32%, Black = 67%.} 0-1

[Event "10th Mumbai Mayors Cup 2017"]
[Site "Mumbai"]
[Date "2017.06.11"]
[Round "10"]
[White "Moksh Amit Doshi"]
[Black "Shrutarshi Ray"]
[Result "1-0"]
[WhiteElo "2188"]
[BlackElo "1852"]
[Annotator "TA"]
[PlyCount "56"]
[EventDate "2017.06.04"]
[EventType "swiss"]
[EventCountry "IND"]
[SourceTitle "playchess.com"]
[Source "ChessBase"]
[SourceQuality "1"]

{[%evp 21,56,23,31,0,0,0,0,-17,-7,-44,0,-5,0,0,12,15,31,38,41,0,87,68,176,176,177,171,129,141,276,309,718,708,835,831,835,831,852]} 1. c4 e6 2. Nc3 d5 3. d4 Nf6 4. cxd5 exd5 5. Bg5 Nbd7 {[%cal Bb8d7,Bd7f8,Bf8e6][%mdl 32]} 6. e3 c6 7. Bd3 Be7 8. Qc2 Nf8 9. Nf3 Ne6 10. Bh4 g6 11. O-O O-O 12. Bxf6 {D36: Queen's Gambit Declined: Exchange Variation: Main line (5 Bg5 c6 6 Qc2)} (12. Rab1 a5 13. a3 Ng7 14. b4 axb4 15. axb4 Bf5 16. Bxf5 Nxf5 17. Bxf6 Bxf6 18. b5 Nd6 19. bxc6 bxc6 20. Nd2 Ra3 21. Ra1 Rxa1 22. Rxa1 c5 23. dxc5 Nb5 24. Ndb1 Nxc3 25. Nxc3 d4 26. exd4 Qxd4 27. Rc1 Qxc5 28. Ne4 Qxc2 29. Nxf6+ Kg7 30. Rxc2 Kxf6 31. g3 h5 32. h4 {½-½ (32) Tabatabaei,M (2507)-Goganov,A (2632) Moscow 2017}) 12... Bxf6 13. b4 a6 14. a4 {The position is equal.} Qd6 15. Rab1 Bd7 16. Rfc1 $146 ({Predecessor:} 16. Rfd1 Rac8 17. Bf1 Bg7 18. h3 f5 19. Qb3 b5 20. Ra1 g5 21. axb5 axb5 {1-0 (29) Neuman,P (2410)-Jirovsky,M (2464) Pribram 2002}) 16... Bg7 17. Qb3 b5 18. a5 f5 19. Ne2 Kh8 20. Qc3 Rac8 (20... f4 $11) 21. Ne5 c5 (21... Kg8 $14) 22. bxc5 $18 Nxc5 {[#]} 23. Qa3 $1 {Hoping for f4.} ({Inferior is} 23. dxc5 Qxe5 24. Qxe5 Bxe5 $11) 23... Bxe5 24. dxe5 Qc7 (24... Qe7 $16) 25. Nf4 b4 $2 (25... Qa7 26. Be2 (26. Nxd5 Nxd3 27. Qxd3 Be6 $16) 26... Ne6 27. Rxc8 (27. Nxd5 Rxc1+ 28. Rxc1 Rc8 $16) 27... Rxc8 28. Nxe6 (28. Nxd5 Qc5 $16) 28... Bxe6) 26. Qxb4 {White is clearly winning.} Nxd3 {[#]} 27. Qxf8+ $1 {[%mdl 512]} Rxf8 28. Rxc7 Nxf4 {Precision: White = 64%, Black = 23%.} 1-0

[Event "10th Mumbai Mayors Cup 2017"]
[Site "Mumbai"]
[Date "2017.06.11"]
[Round "10"]
[White "Yogit, S."]
[Black "Gajwa Ankit"]
[Result "1-0"]
[WhiteElo "2183"]
[BlackElo "2309"]
[Annotator "TA"]
[PlyCount "101"]
[EventDate "2017.06.04"]
[EventType "swiss"]
[EventCountry "IND"]
[SourceTitle "playchess.com"]
[Source "ChessBase"]
[SourceQuality "1"]

{[%evp 9,101,-17,-12,-27,-31,-33,-7,-27,-31,-34,-34,-48,-36,-41,-34,-28,-26,-64,-62,-70,-60,-80,-71,-85,-52,-54,-51,-62,-48,-84,-65,-105,-104,-185,-119,-161,-169,-160,-150,-256,-110,-117,0,-268,-262,-302,-173,-195,-195,-137,-41,-9,45,39,32,38,45,48,144,128,316,308,311,307,306,301,365,368,595,189,196,160,545,542,524,517,544,537,498,522,1256,1222,1085,1131,1123,1089,1002,1008,890,825,1656,1652,1492,1472]} 1. e4 e5 2. f4 d5 3. exd5 exf4 4. Nf3 Nf6 5. Bc4 Qe7+ (5... Nxd5 6. O-O Be7 7. Nc3 Be6 8. Qe2 Nc6 9. d4 O-O 10. Nxd5 Bxd5 11. Bxd5 Qxd5 12. Bxf4 Bd6 13. Qd2 Rae8 14. Bxd6 Qxd6 {½-½ (43) Carlsen,M (2876)-Aronian,L (2780) Stavanger 2015}) 6. Qe2 {C36: King's Gambit Accepted: 3 Nf3 d5} (6. Kf1 {keeps more tension.} c6 7. Nc3 b5 8. Bb3 b4 9. d6) 6... Qxe2+ 7. Kxe2 Nbd7 $146 ({Predecessor:} 7... Bd6 8. Re1 O-O 9. Kf1 Nbd7 10. Nc3 Nb6 11. Bb3 Bb4 12. a3 Bxc3 13. bxc3 {1-0 (39) Zakarian,D (2330)-Sandalakis,A (2346) Chalkidiki 2008}) 8. d4 {The position is equal.} Bd6 9. Bb3 b5 10. Re1 O-O $36 {[%mdl 2048] Black has good play.} 11. Kf2 Bb7 12. Nc3 a6 13. Ne2 Nh5 14. Bd2 Ndf6 15. Nc1 h6 16. Nd3 Bxd5 17. Bxd5 Nxd5 18. b3 b4 19. Nfe5 Rfe8 20. Kf3 g5 21. h4 (21. Nc4 $17) 21... f6 ({Inferior is} 21... gxh4 22. Nc4 $11) (21... Ng3 $19 22. hxg5 hxg5) 22. Nc6 {[%cal Rd3b4]} Rxe1 23. Rxe1 {[%cal Rd3b4]} a5 24. a3 (24. Ke4 $17 Nb6 25. Nb2) 24... Ra6 (24... bxa3 $19 {And now ...a4 would win.} 25. hxg5 fxg5) 25. Nb8 $17 {[#]} Ra8 $2 (25... Rb6 $1 $17 {[%cal Rb6b8]} 26. Nd7 Rc6) 26. Nc6 $1 $19 {[%cal Ra3b4]} bxa3 27. Nxa5 Ne3 (27... Ne7 $142 {White must now prevent ...Nf5.} 28. Nc4 Nf5 29. hxg5 hxg5) 28. Bxe3 fxe3 29. Nc4 {[#]} Bg3 (29... Nf4 $1 $17 30. Nxd6 Nxd3 31. cxd3 cxd6) 30. Ra1 $15 f5 ({Of course not} 30... gxh4 31. Rxa3 Rxa3 32. Nxa3 $16) ({Better is} 30... e2 $11 31. Kxe2 a2) 31. hxg5 $14 hxg5 32. Rxa3 Re8 {aiming for ...g4+.} 33. Nce5 $1 f4 (33... c5 $14 34. Kxe3 cxd4+ 35. Kxd4 Bxe5+ 36. Nxe5 Nf4) 34. Ra6 Kh7 $2 (34... Bh4 $16 35. Rc6 Re7) 35. Ng4 $18 Kg7 36. Rh6 Rh8 37. Rc6 Rc8 38. Nde5 Bh4 $2 (38... Kg8 39. Nh6+ Kf8) 39. d5 $2 (39. Rg6+ Kf8 40. Rh6) 39... Ng3 40. d6 cxd6 $2 (40... e2 $16 41. d7 (41. Nd3 Nf5 $16) 41... Rd8 42. Rg6+ Kf8) 41. Rxc8 {Threatening mate with Rc7+.White is clearly winning.} dxe5 42. Nxe5 $16 {[%mdl 4096] Endgame KRN-KBN} Kf6 43. Nd3 Nf5 44. c3 Bg3 45. Rf8+ Ke6 46. Nc5+ Ke5 47. Nd7+ Ke6 48. Rf6+ Kxd7 49. Rxf5 g4+ 50. Ke2 Ke6 51. Rg5 {Precision: White = 58%, Black = 36%.} 1-0

[Event "10th Mumbai Mayors Cup 2017"]
[Site "Mumbai"]
[Date "2017.06.11"]
[Round "10"]
[White "Kiran, Manisha Mohanty"]
[Black "Chittal, Sairaj"]
[Result "1-0"]
[WhiteElo "2177"]
[BlackElo "2000"]
[Annotator "TA"]
[PlyCount "91"]
[EventDate "2017.06.04"]
[EventType "swiss"]
[EventCountry "IND"]
[SourceTitle "playchess.com"]
[Source "ChessBase"]
[SourceQuality "1"]

{[%evp 9,90,1,13,0,17,4,8,0,0,0,5,0,6,5,8,9,14,7,32,-4,2,14,9,7,17,20,22,22,39,5,20,18,23,-47,62,54,61,60,53,66,60,54,45,52,106,105,113,97,94,98,119,93,110,107,110,90,100,0,155,98,159,131,170,204,206,204,206,187,179,189,468,358,310,310,6478,12797,1331,1245,29984,29984,29983,29983,29999]} 1. e4 c5 2. Nf3 e6 3. c3 Nf6 4. e5 Nd5 5. g3 d6 6. Bg2 {B22: Sicilian: 2 c3} (6. exd6 Bxd6 7. d4 O-O 8. Bg2 Nc6 9. O-O cxd4 10. Nxd4 Bd7 11. Nxc6 Bxc6 12. Nd2 Rc8 13. Re1 b5 14. Nf3 a6 15. Qd3 Bc5 16. Qe2 Nb6 17. Be3 Bxe3 18. Qxe3 {½-½ (26) Rakhmanov,A (2640)-Pantsulaia,L (2598) Al Ain 2015}) 6... Nc6 7. Qe2 Be7 8. O-O {The position is equal.} O-O 9. exd6 Qxd6 10. Na3 Bf6 11. d3 b6 12. Nc4 Qc7 13. a4 a6 $146 ({Predecessor:} 13... Bb7) 14. Ne3 Nxe3 15. Bxe3 Bb7 16. Nd2 Rad8 17. Nc4 Rfe8 18. Rfe1 Re7 19. Qc2 Nb8 20. Bf4 e5 21. Nxe5 ({White should try} 21. Bxb7 $11 exf4 22. Rxe7 Bxe7 23. Bg2) 21... Bxe5 (21... Bxg2 $15 22. Nf3 {[#]} Qxf4 $1 {[%mdl 512]} 23. gxf4 Bxf3) 22. Rxe5 $14 Bxg2 23. Rxe7 Qxe7 24. Kxg2 Nc6 25. Qd1 Qd7 26. Qf3 Ne7 (26... Re8 $14) 27. a5 $16 b5 28. Be3 Rc8 29. Re1 Nf5 30. Bf4 f6 31. h4 Rd8 32. Rd1 Ne7 33. Re1 (33. d4 $16) 33... Nc6 $2 (33... Nf5 $1 $11) 34. Qh5 (34. Qe4 $142) 34... f5 ({Better is} 34... Nxa5 35. Qxc5 Qxd3) 35. Re3 g6 36. Qg5 Qf7 37. h5 Rd7 38. hxg6 hxg6 39. g4 Nxa5 $2 (39... Rd5 {was called for.} 40. b3 b4) 40. gxf5 Qxf5 41. Qh6 {[#] Threatening mate with Re8+.} Rg7 $2 (41... Rf7 42. Kf1 c4 43. Re8+ Rf8 44. Rxf8+ Qxf8 45. Qxg6+ Qg7 46. Qxa6 Qg4 47. Qa8+ Kf7 48. Qd5+ Kg7 49. Be5+ Kh6 50. Qxb5 Qf3 51. Qa6+ Nc6 52. Bf4+ Qxf4 53. Qxc6+ Kg7 54. Qxc4 Qc1+ 55. Kg2 Qxb2) 42. Re8+ $18 Kf7 43. Qh8 {[%csl Ge8][%cal Rh8f8]} Qd5+ 44. Kg1 {[%csl Ge8][%cal Rh8f8] White mates.} g5 45. Be5 Rh7 46. Qg8# {Precision: White = 64%, Black = 33%.} 1-0

[Event "10th Mumbai Mayors Cup 2017"]
[Site "Mumbai"]
[Date "2017.06.11"]
[Round "10"]
[White "Pranavananda V"]
[Black "Kulkarni Bhakti"]
[Result "0-1"]
[WhiteElo "2166"]
[BlackElo "2292"]
[Annotator "TA"]
[PlyCount "130"]
[EventDate "2017.06.04"]
[EventType "swiss"]
[EventCountry "IND"]
[SourceTitle "playchess.com"]
[Source "ChessBase"]
[SourceQuality "1"]

{[%evp 22,130,35,38,59,35,54,54,62,64,72,80,73,80,113,108,193,78,78,78,78,81,88,84,81,82,82,92,89,56,93,14,12,7,7,7,90,87,91,88,97,85,106,46,91,79,89,42,42,42,42,47,47,47,70,0,0,0,0,0,0,0,0,0,0,0,0,-4,-6,-18,-10,-8,-8,-8,-8,-11,-8,-203,-203,-195,-191,-385,-339,-833,-796,-979,-981,-943,-966,-732,-928,-831,-813,-696,-393,-375,-375,-375,-372,-796,-774,-1224,-672,-29941,-11710,-29943,-6103,-29989,-29990,-29990,-29991]} 1. d4 d5 2. c4 c6 3. Nf3 Nf6 4. e3 g6 5. Nc3 Bg7 6. Be2 O-O 7. O-O a6 8. a4 a5 9. Bd2 {D94: Grünfeld: 4 Nf3 Bg7 5 e3} Na6 10. cxd5 cxd5 11. Qb3 Nb4 12. Rfc1 {LiveBook: 5 Games} Nc6 $146 ({Predecessor:} 12... Bd7 13. Ne5 Rb8 14. Be1 Bh6 15. Na2 Nc6 16. Nxd7 Qxd7 {½-½ (77) Gelfand,B (2750)-Wang,Y (2749) Dagomys 2010}) 13. h3 Rb8 14. Ne5 Nxe5 15. dxe5 Ne4 16. Nxe4 dxe4 17. Bc3 $1 b6 18. Bc4 e6 {[#]} (18... h5 $16 19. e6 f5) 19. Rd1 (19. Bxa5 $1 $18 {[%mdl 512] and the rest is easy. And now Rd1 would win.} Re8 (19... bxa5 20. Qxb8) 20. Bb4) 19... Qc7 $16 20. Rd6 Rd8 21. Rad1 Bd7 22. Bb5 Bxb5 23. Qxb5 Bf8 24. Rd7 Rxd7 25. Rxd7 Qc5 26. Qxc5 (26. Qa6 $16) 26... Bxc5 {[%mdl 4096] Endgame KRB-KRB} 27. Kf1 b5 28. Rc7 Bb6 {[#]} (28... Bb4 $1 $11) 29. Rc6 $1 bxa4 30. Rc4 a3 31. bxa3 Kf8 32. a4 ({Better is} 32. Ke2 $16) 32... Rd8 33. Ke2 Rd3 34. Bd2 Ra3 35. Rxe4 Ke7 36. Rc4 Kd7 37. g4 g5 38. f3 ({White should play} 38. h4 $14) 38... Ra1 $11 39. Kd3 Rh1 40. Rc1 Rxh3 41. Rb1 Kc6 42. Ke4 Rh2 43. Kd3 Rf2 44. Rh1 Rxf3 45. Rh5 {[#]} h6 $1 {[%mdl 512]} 46. Rxh6 Rg3 47. Rf6 $1 Rxg4 48. Rxf7 Rxa4 49. e4 $2 (49. Re7 $11) 49... Rd4+ $19 50. Kc2 Rxe4 51. Bc3 $2 (51. Bxg5 Rxe5 52. Bd2) 51... g4 52. Kd3 $2 (52. Re7 Kd5 53. Rd7+ Kc4 54. Rb7) 52... Re3+ 53. Kc4 g3 54. Rg7 a4 55. Rg6 Kd7 56. Rg7+ Ke8 57. Bd2 Re2 58. Kd3 Rg2 59. Bb4 Rg1 {Hoping for ...g2.} 60. Re7+ $2 (60. Bd6) 60... Kd8 61. Rxe6 g2 62. Rxb6 Rd1+ 63. Kc4 g1=Q 64. Rb8+ Kc7 65. Bd6+ Rxd6 {Precision: White = 43%, Black = 67%.} 0-1

[Event "10th Mumbai Mayors Cup 2017"]
[Site "Mumbai"]
[Date "2017.06.11"]
[Round "10"]
[White "Ramakrishna, J.."]
[Black "Satkar, Chirag"]
[Result "0-1"]
[WhiteElo "2157"]
[BlackElo "2028"]
[Annotator "TA"]
[PlyCount "65"]
[EventDate "2017.06.04"]
[EventType "swiss"]
[EventCountry "IND"]
[SourceTitle "playchess.com"]
[Source "ChessBase"]
[SourceQuality "1"]

{[%evp 16,65,2,-2,16,14,15,9,8,2,11,7,12,10,38,36,35,-11,-11,-14,-13,-20,-16,-23,-11,-24,0,-13,-22,-57,-58,-55,-35,-56,-64,-54,-49,-50,-55,-64,-57,-63,-49,-49,-70,-61,-61,-120,-94,-82,-78,-66]} 1. c4 c6 2. Nf3 d5 3. e3 Nf6 4. b3 e6 5. Bb2 Nbd7 6. Be2 Bd6 {A06: Réti Opening:1 Nf3 d5} 7. O-O O-O 8. Nc3 {[%cal Bb1c3,Bc3b5,Bb5d4,Bd4b3,Bb3c5][%mdl 32]} b6 (8... Ne4 9. Qc2 Nxc3 10. Qxc3 e5 11. b4 Re8 12. b5 cxb5 13. cxb5 Nb6 14. a4 Bg4 15. d3 d4 16. exd4 {0-1 (43) Malakhov,V (2705)-Eljanov,P (2704) Sochi 2012}) 9. cxd5 {LiveBook: 3 Games} cxd5 10. Nb5 Be7 11. Rc1 Bb7 12. a3 a6 13. Nbd4 Rc8 {[#]} 14. b4 $146 ({Predecessor:} 14. Rxc8 Qxc8 15. Qb1 Qb8 {½-½ (52) Medvegy,Z (2555)-Berczes,D (2530) Budapest 2012}) 14... b5 15. Nb3 Bd6 16. Bxf6 Qxf6 17. d4 Nb6 18. Nc5 Qe7 19. Qb3 h6 20. Rfd1 Rfd8 (20... Nc4 $5) 21. Bf1 Nc4 22. Rc2 Bc6 23. Nd2 {[%cal Bf3d2,Bd2b1,Bb1c3][%mdl 32]} Qa7 24. Nb1 a5 25. Nc3 Ra8 26. g3 Qb6 27. e4 axb4 28. axb4 Ra3 29. Qb1 dxe4 30. N3xe4 Be7 31. Ra2 ({White should try} 31. Bxc4 $15 bxc4 32. Rxc4) 31... Rda8 32. Rxa3 Rxa3 33. Qc1 {Precision: White = 50%, Black = 58%.} 0-1

[Event "10th Mumbai Mayors Cup 2017"]
[Site "Mumbai"]
[Date "2017.06.11"]
[Round "10"]
[White "Raja Rithvik R"]
[Black "Raahul V S"]
[Result "1/2-1/2"]
[WhiteElo "2155"]
[BlackElo "2282"]
[Annotator "TA"]
[PlyCount "62"]
[EventDate "2017.06.04"]
[EventType "swiss"]
[EventCountry "IND"]
[SourceTitle "playchess.com"]
[Source "ChessBase"]
[SourceQuality "1"]

{[%evp 12,62,41,43,38,52,42,38,45,46,63,64,57,57,52,-3,56,9,18,6,24,11,13,0,0,0,0,0,0,-52,37,42,54,53,41,56,131,112,216,205,191,78,76,77,74,81,68,75,80,47,52,25,22]} 1. Nf3 Nf6 2. c4 c5 3. Nc3 d5 4. d4 e6 5. cxd5 Nxd5 6. e4 cxd4 7. Qxd4 Nc6 {D41: Queen's Gambit Declined: Semi-Tarrasch with 5 cxd5} (7... Nxc3 8. Qxc3 Nc6 9. a3 Bd7 10. Bg5 f6 11. Bd2 Bd6 12. Be2 O-O 13. O-O Qe7 14. Rfd1 Be8 15. Qb3 Bg6 16. Bc4 Rfe8 17. Re1 Bh5 18. Bb5 Rec8 19. Bc4 Re8 20. Bb5 Rec8 21. Bc4 Re8 {½-½ (21) Dragun,K (2580)-Heberla,B (2556) Poland 2015}) 8. Bb5 Nxc3 9. Bxc6+ bxc6 {White is slightly better.} 10. Qxc3 Bb7 11. Be3 c5 12. Nd2 (12. Bxc5 Bxc5 13. Qxc5 Qd3 $11) 12... Ba6 $146 ({Predecessor:} 12... Rc8 13. O-O Qc7 14. Rac1 Bd6 15. Qxg7 Bxh2+ {1-0 (28) Kuznetsov,V-Chornenky,O (2082) ICCF email 2011}) 13. O-O-O ({White should try} 13. Nc4 $14) 13... Qd3 (13... Be2 $11) 14. Qa5 Qb5 15. Qxb5+ Bxb5 16. Nb1 Be7 17. Nc3 Bc6 18. Bf4 Bf6 19. Rd6 Rc8 20. e5 (20. f3 $11) 20... g5 ({Of course not} 20... Bxg2 $6 21. Rg1 $16 (21. exf6 Bxh1 22. fxg7 Rg8 $15)) (20... Be7 $15 21. Rd2 g5) 21. exf6 $14 gxf4 22. Rg1 $36 {[%mdl 2048] Black is under pressure.} Rg8 23. g4 Bb7 (23... fxg3 $14 24. fxg3 Rg6) 24. g5 $16 c4 (24... h6 $16) 25. h4 $18 h6 26. g6 (26. Nb5 $18 {has better winning chances.}) 26... Rxg6 $16 {[#]} 27. Rxe6+ $1 {[%mdl 512]} Kf8 (27... fxe6 28. Rxg6) 28. Rxg6 fxg6 29. Re7 Bf3 30. Rxa7 Rc6 31. f7 Rf6 {Precision: White = 45%, Black = 48%.} 1/2-1/2

[Event "10th Mumbai Mayors Cup 2017"]
[Site "Mumbai"]
[Date "2017.06.11"]
[Round "10"]
[White "Nayak Rajesh"]
[Black "Mohammad Fahad, Rahman"]
[Result "1-0"]
[WhiteElo "2092"]
[BlackElo "2305"]
[Annotator "ChessBase"]
[PlyCount "123"]
[EventDate "2017.06.04"]
[EventType "swiss"]
[EventCountry "IND"]
[SourceTitle "playchess.com"]
[Source "ChessBase"]
[SourceQuality "1"]
[TimeControl "5400+30"]

1. e4 e5 2. Nf3 Nf6 3. Nxe5 d6 4. Nf3 Nxe4 5. c4 Be7 6. d4 c6 7. Bd3 d5 8. O-O Bg4 9. cxd5 cxd5 10. Qa4+ Bd7 11. Qb3 Bc6 12. Ne5 O-O 13. Nc3 Bd6 14. Nxe4 dxe4 15. Bc4 Bxe5 16. dxe5 Nd7 17. Bxf7+ Kh8 18. e6 Ne5 19. Rd1 Qf6 20. Be3 Nxf7 21. exf7 Rxf7 22. Rd2 Rff8 23. Rad1 a6 24. Rd6 Qe5 25. Qb6 Rae8 26. h3 Qf5 27. Qd4 Qe5 28. Qb6 Rf6 29. Rxf6 Qxf6 30. Qc7 h6 31. Qg3 Re6 32. Rd4 Kh7 33. b3 Qe7 34. Qb8 Qf7 35. Rd2 Re8 36. Qg3 Re6 37. Qb8 Re8 38. Rd8 Rxd8 39. Qxd8 Bd7 40. Qc7 Qd5 41. Kh2 Bc6 42. Qf4 a5 43. g4 b5 44. a3 Be8 45. a4 {Qc7} Bd7 {Qf4 Be6} 46. Qc7 h5 47. Qf4 hxg4 48. hxg4 {Bf7 Kg2 Bg6 Qh2} Kg8 49. Qb8+ Kf7 50. Qc7 Kg8 51. Qb8+ Kh7 {Qh2 Kg8 Qb8 Kf7} 52. Qc7 {Kf8 Qb8} Be8 53. Qf4 {Ke7 Kh2 Ke6 Kg2} Bf7 54. Qc7 {Kf6 Qf4 Ke7 Qb8} Be6 {Qc7 Bd7} 55. Qf4 {Be6 Kh2} Bf7 56. Kg2 g6 57. Qb8 Be8 58. Qc7+ Bd7 59. Qf4 Be6 60. Qc7+ Qd7 61. Qe5 Qd3 62. Qg7+ {Kd6 Qf8 Kc6 Qa8 Kd7 Qb7 Ke8 Qb8 Kf7 Qc7 Bd7 Qf4 Ke6 Qb8 Kd5 Qc7 Bxg4 Qf7 Be6 Qb7 Ke5 Qg7 Kd5 Qb7 Ke5 Qg7 Kf5 Qf8 Ke5 Bf4 Kd4 Qc5} 1-0